000 00264nam a2200121Ia 4500
008 190216s9999||||xx |||||||||||||| ||und||
100 _aPramod Margav
245 0 _aHindi-Noukari
260 _bMamara Publications
300 _a79
650 _aHindi
942 _cBK
999 _c16298
_d16298